Interaction of BCI with the underlying neurological conditions in patients: pros and cons (Record no. 30978)
[ view plain ]
| 000 -LEADER | |
|---|---|
| fixed length control field | 00687nam a2200133Ia 4500 |
| 008 - FIXED-LENGTH DATA ELEMENTS--GENERAL INFORMATION | |
| fixed length control field | 220620s9999||||xx |||||||||||||| ||und|| |
| 022 ## - INTERNATIONAL STANDARD SERIAL NUMBER | |
| International Standard Serial Number | 16648714 |
| 100 ## - MAIN ENTRY--PERSONAL NAME | |
| Personal name | Aleksandra Vuckovic||Christoph Guger||Jaime Pined||Disha Gupta||Kristen Lamarca |
| 245 #0 - TITLE STATEMENT | |
| Title | Interaction of BCI with the underlying neurological conditions in patients: pros and cons |
| 546 ## - LANGUAGE NOTE | |
| Language note | English[eng] |
| 650 ## - SUBJECT ADDED ENTRY--TOPICAL TERM | |
| Topical term or geographic name entry element | spinal cord injury||Stroke||Brain Computer Interface||amyothopic lateral sclerosis||Rehabilitation||Cerebral Palsy||Patients||autism |
| 856 ## - ELECTRONIC LOCATION AND ACCESS | |
| Uniform Resource Identifier | <a href="http://journal.frontiersin.org/researchtopic/2020/interaction-of-bci-with-the-underlying-neurological-conditions-in-patients-pros-and-cons">http://journal.frontiersin.org/researchtopic/2020/interaction-of-bci-with-the-underlying-neurological-conditions-in-patients-pros-and-cons</a> |
| 942 ## - ADDED ENTRY ELEMENTS (KOHA) | |
| Koha item type | E-Books |
| Withdrawn status | Lost status | Damaged status | Not for loan | Home library | Current library | Date acquired | Total Checkouts | Date last seen | Price effective from | Koha item type |
|---|---|---|---|---|---|---|---|---|---|---|
| Kerala University of Digital Sciences, Innovation and Technology Knowledge Centre | Kerala University of Digital Sciences, Innovation and Technology Knowledge Centre | 20/06/2022 | 20/06/2022 | 20/06/2022 | E-Books |